[Event "FIN-chT1A 1819"]
[Site "Finland"]
[Date "2018.09.16"]
[Round "2.7"]
[White "Kumpulainen, Iiro"]
[Black "Storm, Harry"]
[Result "0-1"]
[WhiteElo "1883"]
[BlackElo "1996"]
[PlyCount "92"]
[EventDate "2018.09.15"]
[EventType "team-tourn"]
[EventRounds "7"]
[EventCountry "FIN"]
[SourceTitle "EXT 2020"]
[Source "ChessBase"]
[SourceDate "2019.10.17"]
[SourceVersion "1"]
[SourceVersionDate "2019.10.17"]
[SourceQuality "1"]
[WhiteTeam "Helsinki Passi"]
[BlackTeam "Vaasa VSS"]
[WhiteTeamCountry "FIN"]
[BlackTeamCountry "FIN"]

1. e4 c5 2. Nf3 Nc6 3. Bb5 e6 4. 0-0 a6 5. Bxc6 dxc6 6. b3 Nf6 7. Re1 Be7 8. Bb2 0-0 9. d3 b5 10. Ne5 Qc7 11. f4 Rd8 12. Nd2 Nd7 13. Qg4 Nf6 14. Qg3 Nh5 15. Qf3 Nf6 16. Qf2 Nd7 17. Qg3 f6 18. Ng4 Kh8 19. Rf1 Rf8 20. Nf3 Nb6 21. Ne3 a5 22. Nh4 a4 23. Qh3 Kg8 24. e5 a3 25. exf6 axb2 26. fxe7 Qxe7 27. Rab1 Rxa2 28. Qg3 Nd5 29. Nxd5 cxd5 30. Nf3 c4 31. dxc4 bxc4 32. bxc4 dxc4 33. Ne5 Qc5+ 34. Kh1 c3 35. Qe1 Rd8 36. Rf3 Rd2 37. Rd3 Rxd3 38. Nxd3 Qa3 39. Qh4 Ra1 40. h3 Rxb1+ 41. Kh2 Rd1 42. Ne5 b1Q 43. Qh5 Rh1+ 44. Kg3 Qe1+ 45. Kg4 Qe2+ 46. Nf3 Qxg2+ 0-1